[Event "BCF-chT2d 1516 (4NCL) Demotion pool"]
[Site "England"]
[Date "2016.05.01"]
[Round "10.21"]
[White "Yurenok, Maria S"]
[Black "Baruch, Andrew JD"]
[Result "0-1"]
[WhiteElo "1975"]
[BlackElo "2076"]
[PlyCount "94"]
[EventDate "2015.11.14"]
[EventType "team-tourn"]
[EventRounds "4"]
[EventCountry "ENG"]
[SourceTitle "EXT 2017"]
[Source "ChessBase"]
[SourceDate "2016.10.25"]
[SourceVersion "1"]
[SourceVersionDate "2016.10.25"]
[SourceQuality "1"]
[WhiteTeam "Hackney"]
[BlackTeam "Warwicks Select"]
[WhiteTeamCountry "ENG"]
[BlackTeamCountry "ENG"]

1. d4 g6 2. c4 Bg7 3. Nc3 d6 4. e4 c6 5. Be3 a6 6. Bd3 b5 7. Nge2 Nd7 8. 0-0 Ngf6 9. f3 0-0 10. Qd2 e5 11. Rad1 Qa5 12. a3 Nb6 13. b4 Qxa3 14. Ra1 Qxb4 15. Rfb1 Nxc4 16. Qc1 Qxb1 17. Rxb1 Nxe3 18. Qxe3 exd4 19. Nxd4 c5 20. Nc2 Be6 21. Qd2 b4 22. Nd5 Bxd5 23. exd5 Nxd5 24. Bc4 Nc3 25. Re1 d5 26. Bf1 a5 27. Kh1 a4 28. Re3 a3 29. Rxc3 Bxc3 30. Qxd5 a2 31. g3 Rfd8 32. Qxc5 a1Q 33. Nxa1 Rxa1 34. Qc4 Rdd1 35. f4 Rxf1+ 36. Kg2 Rfd1 37. f5 Kg7 38. fxg6 hxg6 39. h4 Rd4 40. Qb5 Rd2+ 41. Kf3 Rad1 42. h5 Rd5 43. Qa4 R1d3+ 44. Ke2 Rd2+ 45. Ke3 Rxh5 46. g4 Rh3+ 47. Ke4 Rd4+ 0-1

[Event "BCF-chT2b 1516 (4NCL)"]
[Site "England"]
[Date "2016.02.14"]
[Round "6.11"]
[White "Yurenok, Maria S"]
[Black "Haridas, Girinath"]
[Result "1/2-1/2"]
[WhiteElo "2020"]
[BlackElo "1945"]
[PlyCount "41"]
[EventDate "2015.11.14"]
[EventType "team-tourn"]
[EventRounds "7"]
[EventCountry "ENG"]
[SourceTitle "CBM 170 Extra"]
[Source "ChessBase"]
[SourceDate "2016.02.25"]
[SourceVersion "1"]
[SourceVersionDate "2016.02.25"]
[SourceQuality "1"]
[WhiteTeam "Hackney"]
[BlackTeam "KJCA Kings"]
[WhiteTeamCountry "ENG"]
[BlackTeamCountry "ENG"]

1. d4 Nf6 2. Nf3 g6 3. Bg5 Bg7 4. Nbd2 0-0 5. e4 d5 6. Bxf6 Bxf6 7. exd5 Qxd5 8. Bc4 Qa5 9. c3 Bf5 10. 0-0 Nd7 11. b4 Qb6 12. Re1 Rae8 13. Qb3 Qd6 14. Ne4 Bxe4 15. Rxe4 c6 16. Rae1 e6 17. Ne5 b5 18. Bf1 Nb6 19. g3 Bxe5 20. Rxe5 Kg7 21. Bg2 1/2-1/2

[Event "BCF-chT2b 1516 (4NCL)"]
[Site "England"]
[Date "2016.02.13"]
[Round "5.255"]
[White "Wheeler, Darren"]
[Black "Yurenok, Maria S"]
[Result "1-0"]
[WhiteElo "2215"]
[BlackElo "2020"]
[PlyCount "107"]
[EventDate "2015.11.14"]
[EventType "team-tourn"]
[EventRounds "7"]
[EventCountry "ENG"]
[SourceTitle "CBM 170 Extra"]
[Source "ChessBase"]
[SourceDate "2016.02.25"]
[SourceVersion "1"]
[SourceVersionDate "2016.02.25"]
[SourceQuality "1"]
[WhiteTeam "The ADS"]
[BlackTeam "Hackney"]
[WhiteTeamCountry "ENG"]
[BlackTeamCountry "ENG"]

1. e4 c5 2. f4 d5 3. Nc3 dxe4 4. Nxe4 Nd7 5. Nf3 Ngf6 6. d3 g6 7. Qe2 Qc7 8. g3 Bg7 9. Bg2 0-0 10. 0-0 e6 11. c4 a6 12. Rb1 Ra7 13. b3 b6 14. Bb2 Bb7 15. Nf2 Rd8 16. Ne5 Bxg2 17. Kxg2 Nb8 18. Ne4 Nxe4 19. Qxe4 Rd6 20. Rfd1 Nc6 21. Nxc6 Qxc6 22. Qxc6 Rxc6 23. Bxg7 Kxg7 24. d4 cxd4 25. Rxd4 b5 26. Kf3 h5 27. Ke4 Rac7 28. Kd3 Kf6 29. Re1 Rc5 30. Ree4 R7c6 31. Rd7 bxc4+ 32. Rxc4 Rxc4 33. bxc4 Rc5 34. Kc3 Ra5 35. Kb3 h4 36. a4 hxg3 37. hxg3 g5 38. Kb4 Rf5 39. fxg5+ Rxg5 40. c5 Rg4+ 41. Ka5 Rc4 42. Kb6 e5 43. c6 e4 44. Rd8 e3 45. Re8 Rb4+ 46. Kc5 Rb3 47. c7 Rc3+ 48. Kb6 e2 49. Rxe2 Rb3+ 50. Kxa6 Rc3 51. Kb7 Rb3+ 52. Kc8 Rxg3 53. Rb2 Ke7 54. Kb7 1-0

[Event "London Classic op 4th"]
[Site "London"]
[Date "2012.12.06"]
[Round "6"]
[White "Kane, Robert"]
[Black "Yurenok, Maria S"]
[Result "0-1"]
[WhiteElo "1827"]
[BlackElo "2041"]
[PlyCount "96"]
[EventDate "2012.12.01"]
[EventType "swiss"]
[EventRounds "9"]
[EventCountry "ENG"]
[SourceTitle "CBM 151 Extra"]
[Source "ChessBase"]
[SourceDate "2012.12.18"]
[SourceVersion "1"]
[SourceVersionDate "2012.12.18"]
[SourceQuality "1"]

1. d4 Nf6 2. Nf3 e6 3. c4 b6 4. a3 Bb7 5. Nc3 Be7 6. d5 0-0 7. g3 a5 8. Bg2 Na6 9. 0-0 Nc5 10. Re1 Nfe4 11. Nxe4 Nxe4 12. Nd2 Nc5 13. Nb3 Nxb3 14. Qxb3 Bc5 15. Be3 a4 16. Qc3 exd5 17. Bxc5 bxc5 18. Bxd5 Bxd5 19. cxd5 d6 20. e4 f6 21. b4 axb3 22. Qxb3 Qd7 23. Reb1 Ra4 24. f3 f5 25. exf5 Rxf5 26. Qc2 Ra8 27. Qd3 Qf7 28. a4 Rxd5 29. Qc3 Rf5 30. Kg2 Qe6 31. Re1 Qd7 32. Qc4+ Kf8 33. a5 Qc6 34. Re3 d5 35. Qh4 Kg8 36. Rae1 d4 37. Re4 Raf8 38. a6 Qxa6 39. Re8 Qc6 40. Rxf8+ Rxf8 41. Qg4 Re8 42. Rxe8+ Qxe8 43. Qf5 Qf8 44. Qd5+ Kh8 45. Kf2 h6 46. h4 Qd6 47. Qc4 d3 48. Ke3 d2 0-1

[Event "Olympiad Women-40"]
[Site "Istanbul"]
[Date "2012.09.03"]
[Round "6.1"]
[White "Al Khulaifi, Ghada"]
[Black "Yurenok, Maria S"]
[Result "0-1"]
[WhiteElo "1646"]
[BlackElo "2058"]
[PlyCount "82"]
[EventDate "2012.08.28"]
[EventType "team-swiss"]
[EventRounds "11"]
[EventCountry "TUR"]
[SourceTitle "CBM 150 Extra"]
[Source "ChessBase"]
[SourceDate "2012.10.19"]
[SourceVersion "1"]
[SourceVersionDate "2012.10.19"]
[SourceQuality "1"]
[WhiteTeam "Qatar (W)"]
[BlackTeam "England (W)"]
[WhiteTeamCountry "QAT"]
[BlackTeamCountry "ENG"]

1. e4 c5 2. b4 b6 3. bxc5 bxc5 4. d4 cxd4 5. Qxd4 Nc6 6. Qd1 Nf6 7. Nc3 e6 8. a3 a6 9. Nf3 Bc5 10. Bg5 Qa5 11. Bd2 Qb6 12. Qe2 Ng4 13. Nd1 0-0 14. h3 Nge5 15. Nxe5 Nxe5 16. Qh5 f5 17. Be2 Bb7 18. 0-0 Bxe4 19. Nc3 Bxc2 20. Rac1 Qb3 21. Bd1 Bxd1 22. Rfxd1 Bxa3 23. Rb1 Qc4 24. Qg5 Nf7 25. Qg3 Bd6 26. f4 Rab8 27. Rbc1 Rb3 28. Kh1 Ba3 29. Rc2 Nd6 30. Be3 Rxc3 31. Qg5 Ne4 32. Rxc3 Qxc3 33. Bd4 Qxd4 34. Rxd4 Nxg5 35. fxg5 d6 36. Ra4 Bc5 37. Rxa6 Rb8 38. h4 Kf7 39. h5 h6 40. g6+ Kf6 41. Rc6 Ke5 0-1

[Event "Olympiad Women-40"]
[Site "Istanbul"]
[Date "2012.08.31"]
[Round "4.2"]
[White "Yurenok, Maria S"]
[Black "Sihite, Chelsie Monica"]
[Result "1/2-1/2"]
[WhiteElo "2058"]
[BlackElo "2162"]
[PlyCount "87"]
[EventDate "2012.08.28"]
[EventType "team-swiss"]
[EventRounds "11"]
[EventCountry "TUR"]
[SourceTitle "CBM 150 Extra"]
[Source "ChessBase"]
[SourceDate "2012.10.19"]
[SourceVersion "1"]
[SourceVersionDate "2012.10.19"]
[SourceQuality "1"]
[WhiteTeam "England (W)"]
[BlackTeam "Indonesia (W)"]
[WhiteTeamCountry "ENG"]
[BlackTeamCountry "INA"]

1. d4 Nf6 2. c4 e6 3. Nc3 Bb4 4. Qc2 d5 5. cxd5 exd5 6. Bg5 h6 7. Bxf6 Qxf6 8. a3 Bxc3+ 9. Qxc3 0-0 10. e3 c6 11. Nf3 a5 12. b4 axb4 13. axb4 Rxa1+ 14. Qxa1 g5 15. Bd3 Bf5 16. Bxf5 Qxf5 17. 0-0 Na6 18. Qb1 Qxb1 19. Rxb1 Nc7 20. h4 f6 21. hxg5 hxg5 22. Nd2 Ra8 23. Nb3 Nb5 24. Nc5 Nd6 25. b5 cxb5 26. Nd7 Kf7 27. Nb6 Ra2 28. Nxd5 Rc2 29. Nb4 Rd2 30. Nd5 Rc2 31. Nb4 Rd2 32. Nd5 g4 33. Nc3 Kg6 34. Nxb5 Ne4 35. f3 gxf3 36. gxf3 Ng5 37. Nd6 Nxf3+ 38. Kf1 Kh5 39. Rxb7 Nh2+ 40. Ke1 Nf3+ 41. Kf1 Nh2+ 42. Ke1 Nf3+ 43. Kf1 Nh2+ 44. Ke1 1/2-1/2

[Event "Olympiad Women-40"]
[Site "Istanbul"]
[Date "2012.08.30"]
[Round "3.2"]
[White "Omurbekova, Diana"]
[Black "Yurenok, Maria S"]
[Result "1/2-1/2"]
[WhiteElo "1697"]
[BlackElo "2058"]
[PlyCount "143"]
[EventDate "2012.08.28"]
[EventType "team-swiss"]
[EventRounds "11"]
[EventCountry "TUR"]
[SourceTitle "CBM 150 Extra"]
[Source "ChessBase"]
[SourceDate "2012.10.19"]
[SourceVersion "1"]
[SourceVersionDate "2012.10.19"]
[SourceQuality "1"]
[WhiteTeam "Kyrgyzstan (W)"]
[BlackTeam "England (W)"]
[WhiteTeamCountry "KGZ"]
[BlackTeamCountry "ENG"]

1. e4 d5 2. exd5 Qxd5 3. Nc3 Qa5 4. d4 Nf6 5. Nf3 c6 6. Be2 Bg4 7. Ne5 Bxe2 8. Qxe2 Qa6 9. Qf3 Nbd7 10. Bf4 e6 11. Nxd7 Nxd7 12. Ne4 Qa5+ 13. c3 Qd5 14. 0-0 Nf6 15. Nxf6+ gxf6 16. Qd3 0-0-0 17. Be3 Rg8 18. f3 Qh5 19. c4 Bd6 20. f4 Qh3 21. Qe2 Bc7 22. Qf3 Qxf3 23. Rxf3 Bb6 24. c5 Bc7 25. Rh3 Rg7 26. Rh6 f5 27. Kf2 Rdg8 28. Rg1 Kd7 29. Kf3 Ke7 30. Bf2 Ke8 31. h3 Bd8 32. g4 f6 33. Rg3 Kf7 34. Be3 Re8 35. g5 fxg5 36. fxg5 Bc7 37. Bf4 Bxf4 38. Kxf4 Rd8 39. Ke3 Re8 40. Rxh7 Rxh7 41. g6+ Kg7 42. gxh7+ Kxh7 43. h4 Rd8 44. b4 a6 45. Rg1 Rd7 46. a4 Kh6 47. Rg8 Kh5 48. Re8 Kxh4 49. Rxe6 Kg5 50. Re8 Rh7 51. Rg8+ Kf6 52. Rf8+ Ke6 53. Re8+ Kd5 54. Re5+ Kc4 55. b5 axb5 56. axb5 Rh3+ 57. Kd2 cxb5 58. Rxf5 Kxd4 59. Rf7 Rh2+ 60. Kc1 Kc3 61. Kb1 b4 62. Rf3+ Kc4 63. Rf7 Kxc5 64. Rxb7 Kc4 65. Rc7+ Kb3 66. Rc1 Ka3 67. Ka1 b3 68. Kb1 Rh3 69. Re1 b2 70. Rf1 Rc3 71. Re1 Kb3 72. Rh1 1/2-1/2

[Event "Olympiad Women-40"]
[Site "Istanbul"]
[Date "2012.08.29"]
[Round "2.2"]
[White "Yurenok, Maria S"]
[Black "Yanjindulan, Dolgorsuren"]
[Result "0-1"]
[WhiteElo "2058"]
[BlackElo "2232"]
[PlyCount "132"]
[EventDate "2012.08.28"]
[EventType "team-swiss"]
[EventRounds "11"]
[EventCountry "TUR"]
[SourceTitle "CBM 150 Extra"]
[Source "ChessBase"]
[SourceDate "2012.10.19"]
[SourceVersion "1"]
[SourceVersionDate "2012.10.19"]
[SourceQuality "1"]
[WhiteTeam "England (W)"]
[BlackTeam "Mongolia (W)"]
[WhiteTeamCountry "ENG"]
[BlackTeamCountry "MGL"]

1. d4 Nf6 2. c4 c5 3. d5 b5 4. Nf3 e6 5. Bg5 h6 6. Bxf6 Qxf6 7. Nc3 a6 8. e4 b4 9. e5 Qd8 10. Nb1 d6 11. Be2 Qc7 12. exd6 Bxd6 13. dxe6 Bxe6 14. Nbd2 0-0 15. 0-0 Nc6 16. Ne4 Be7 17. Qc1 Rad8 18. Rd1 Rxd1+ 19. Qxd1 f5 20. Ng3 Bf6 21. Qc2 Nd4 22. Nxd4 Bxd4 23. Bd3 f4 24. Ne2 Bf6 25. Rf1 Qe5 26. b3 f3 27. Ng3 fxg2 28. Kxg2 Bg5 29. Qe2 Qxe2 30. Bxe2 Bd7 31. Ne4 Bc6 32. f3 Be3 33. Bd1 Bd4 34. Bc2 g5 35. h3 Rf4 36. Re1 Bd7 37. Rh1 Kf8 38. Nd2 Be3 39. Ne4 Bf5 40. Bb1 Rh4 41. Nf6 Bxb1 42. Rxb1 Rd4 43. Ne4 Rd3 44. Re1 Kg7 45. Re2 Bd4 46. Nf2 Rc3 47. Rd2 Rc1 48. Re2 h5 49. Rd2 Kg6 50. Re2 Kf5 51. Rd2 a5 52. Nd3 Rg1+ 53. Kh2 Rb1 54. Kg2 h4 55. Kh2 Ra1 56. Kg2 Rg1+ 57. Kh2 Rg3 58. Nf2 Rxf3 59. Ng4 Rg3 60. Nf2 Be5 61. Kh1 Bd4 62. Nd3 Rxh3+ 63. Kg2 Rg3+ 64. Kh2 g4 65. Ne1 Rc3 66. Kg2 h3+ 0-1

[Event "Gibraltar Masters 10th"]
[Site "Caleta"]
[Date "2012.01.26"]
[Round "3"]
[White "Yurenok, Maria S"]
[Black "Candano Gonzalez, Alvaro"]
[Result "0-1"]
[WhiteElo "2109"]
[BlackElo "1647"]
[PlyCount "110"]
[EventDate "2012.01.24"]
[EventType "swiss"]
[EventRounds "10"]
[EventCountry "GGB"]
[SourceTitle "CBM 147"]
[Source "ChessBase"]
[SourceDate "2012.03.16"]
[SourceVersion "1"]
[SourceVersionDate "2012.03.16"]
[SourceQuality "1"]

1. d4 Nf6 2. c4 c5 3. d5 b5 4. cxb5 a6 5. b6 e6 6. Nc3 Nxd5 7. Nxd5 exd5 8. Qxd5 Nc6 9. e3 Rb8 10. Nf3 Rxb6 11. Bc4 Qf6 12. 0-0 Be7 13. e4 0-0 14. e5 Qg6 15. a3 Nd4 16. Nxd4 Bb7 17. Bd3 Qxd3 18. Qxd7 Qe4 19. Nf3 Rg6 20. Qh3 Bc8 21. Qh5 Bg4 22. Qxg6 Qxg6 23. Kh1 Bxf3 24. gxf3 Qd3 25. Kg2 Qg6+ 26. Kh1 Qh5 27. f4 Qf3+ 28. Kg1 h5 29. Re1 Rd8 30. Be3 h4 31. Rac1 h3 32. Kf1 Rb8 33. Rc2 Qh1+ 34. Ke2 Qxh2 35. Kd1 Qg2 36. f3 Qxf3+ 37. Kc1 Bh4 38. Ree2 h2 39. Rxh2 Qxe3+ 40. Kb1 Qxf4 41. Rhe2 Qf5 42. Ka2 Bg3 43. Rxc5 Qe6+ 44. Kb1 Qb3 45. Rec2 Qd3 46. Ka2 Bxe5 47. b4 a5 48. a4 Rxb4 49. Rc8+ Kh7 50. Rh8+ Kxh8 51. Rc8+ Kh7 52. Rh8+ Kg6 53. Rh6+ Kf5 54. Rf6+ Ke4 55. Rf4+ Bxf4 0-1

[Event "BCF-chTa 1112 (4NCL)"]
[Site "England"]
[Date "2012.01.15"]
[Round "4.28"]
[White "Yurenok, Maria S"]
[Black "Sugden, John N"]
[Result "1-0"]
[WhiteElo "2109"]
[BlackElo "2180"]
[PlyCount "121"]
[EventDate "2011.11.12"]
[EventType "team-tourn"]
[EventRounds "7"]
[EventCountry "ENG"]
[SourceTitle "EXT 2013"]
[Source "ChessBase"]
[SourceDate "2012.11.22"]
[SourceVersion "1"]
[SourceVersionDate "2012.11.22"]
[SourceQuality "1"]
[WhiteTeam "Blackthorne Russia"]
[BlackTeam "e2e4.org.uk"]
[WhiteTeamCountry "ENG"]
[BlackTeamCountry "ENG"]

1. d4 Nf6 2. c4 c5 3. d5 e5 4. Nc3 d6 5. e4 Be7 6. Bd3 0-0 7. h3 Ne8 8. Nf3 Nd7 9. g4 Nc7 10. Be3 Re8 11. Qd2 a6 12. Rg1 Nf8 13. h4 b5 14. h5 bxc4 15. Bxc4 Nb5 16. Nxb5 axb5 17. Bxb5 Bd7 18. Bc4 Qb8 19. Qe2 Bd8 20. b3 Ba5+ 21. Bd2 Bxd2+ 22. Nxd2 Qd8 23. a4 Qe7 24. Nf1 h6 25. Ne3 Nh7 26. Rg3 Ng5 27. Nf5 Bxf5 28. gxf5 Qc7 29. Bb5 Reb8 30. Rc1 Qa5+ 31. Kf1 f6 32. Kg2 Ra7 33. Rc4 Rc7 34. Qe3 Rbc8 35. Qc3 Qb6 36. Re3 Ra7 37. Qc1 Qb7 38. Rec3 Qf7 39. Qd1 Rac7 40. Bc6 Rb8 41. Rc1 Kh7 42. Bb5 Rbc8 43. a5 Rb8 44. Bc6 Ra7 45. Ra1 Ra6 46. Rca4 Qc7 47. Qe2 Ra7 48. Bb5 Nf7 49. Bc4 Kg8 50. a6 Ng5 51. Rb1 Nh7 52. b4 cxb4 53. Raxb4 Rxb4 54. Rxb4 Qc5 55. Rb8+ Nf8 56. Qe3 Qc7 57. Qb6 Qxc4 58. Qxa7 Qxe4+ 59. f3 Qxd5 60. Qf2 Qc6 61. a7 1-0

[Event "EU-chT (Women) 18th"]
[Site "Porto Carras"]
[Date "2011.11.11"]
[Round "9.2"]
[White "Yurenok, Maria S"]
[Black "Lanchava, Tea"]
[Result "0-1"]
[WhiteElo "2106"]
[BlackElo "2320"]
[PlyCount "156"]
[EventDate "2011.11.03"]
[EventType "team-swiss"]
[EventRounds "9"]
[EventCountry "GRE"]
[SourceTitle "EXT 2012"]
[Source "ChessBase"]
[SourceDate "2011.11.24"]
[SourceVersion "1"]
[SourceVersionDate "2011.11.24"]
[SourceQuality "1"]
[WhiteTeam "England (W)"]
[BlackTeam "Netherlands (W)"]
[WhiteTeamCountry "ENG"]
[BlackTeamCountry "NED"]

1. d4 g6 2. c4 Bg7 3. e4 d6 4. Nc3 Nd7 5. Be3 e5 6. d5 Ne7 7. g4 h6 8. f3 f5 9. Qd2 Nf6 10. h3 a6 11. Bd3 Bd7 12. Nge2 Rb8 13. c5 f4 14. Bf2 dxc5 15. Bxc5 Nc8 16. a4 g5 17. Nc1 Bf8 18. Bxf8 Kxf8 19. b4 Qe7 20. Rb1 Kg7 21. b5 a5 22. Nb3 Ra8 23. Qf2 b6 24. Nd2 Nd6 25. Nc4 Rag8 26. Kd2 Nb7 27. h4 Kf7 28. h5 Rd8 29. Ke2 Kg7 30. Rhg1 Rhf8 31. Bc2 Be8 32. Bd3 Nc5 33. Bc2 Bf7 34. Nd2 Bg8 35. Kf1 Bh7 36. Rb2 Nb7 37. Nc4 Bg8 38. Bd3 Bf7 39. Bc2 Be8 40. Rb1 Bd7 41. Rb2 Rde8 42. Rb1 Qd8 43. Bd1 Nc5 44. Qd2 Re7 45. Qc2 Be8 46. Nb2 Bf7 47. Nd3 Nb7 48. Nf2 Qd6 49. Na2 Be8 50. Nc1 Bf7 51. Qc6 Qxc6 52. bxc6 Nd6 53. Be2 Nxd5 54. exd5 Bxd5 55. Kg2 Bxc6 56. Bb5 Bb7 57. Rb2 e4 58. fxe4 Nxe4 59. Nxe4 Rxe4 60. Kf2 Re3 61. Rb3 Re5 62. Rc3 c6 63. Bd3 Rfe8 64. Bf5 R8e7 65. Rd1 b5 66. Rd7 Rxd7 67. Bxd7 b4 68. Rd3 c5 69. Bf5 Bd5 70. Ne2 c4 71. Rd4 Kf7 72. Ng1 c3 73. Nf3 Bxf3 74. Kxf3 Rxf5 75. gxf5 c2 76. Rc4 b3 77. Ke4 b2 78. Ke5 c1Q 0-1

[Event "EU-chT (Women) 18th"]
[Site "Porto Carras"]
[Date "2011.11.08"]
[Round "6.2"]
[White "Yurenok, Maria S"]
[Black "Reppen, Ellisiv"]
[Result "1-0"]
[WhiteElo "2106"]
[BlackElo "1949"]
[PlyCount "85"]
[EventDate "2011.11.03"]
[EventType "team-swiss"]
[EventRounds "9"]
[EventCountry "GRE"]
[SourceTitle "EXT 2012"]
[Source "ChessBase"]
[SourceDate "2011.11.24"]
[SourceVersion "1"]
[SourceVersionDate "2011.11.24"]
[SourceQuality "1"]
[WhiteTeam "England (W)"]
[BlackTeam "Norway (W)"]
[WhiteTeamCountry "ENG"]
[BlackTeamCountry "NOR"]

1. d4 Nf6 2. c4 c5 3. d5 b5 4. cxb5 a6 5. b6 g6 6. Nc3 Qxb6 7. e4 d6 8. Nf3 Nbd7 9. a4 Bg7 10. Nd2 0-0 11. a5 Qc7 12. Be2 Bb7 13. Nc4 h6 14. 0-0 Rad8 15. f4 Ne8 16. Be3 Qb8 17. f5 Nc7 18. Qd2 Kh7 19. Rf3 Nf6 20. Rh3 Ng8 21. g4 Ne8 22. g5 Bc8 23. gxh6 Bxc3 24. bxc3 gxf5 25. exf5 Ngf6 26. Qd3 Nc7 27. Nb6 Bb7 28. c4 Rg8+ 29. Kf2 Na8 30. Nxa8 Qxa8 31. Rg3 Rxg3 32. hxg3 Kh8 33. g4 Nd7 34. g5 Ne5 35. Qc3 Qc8 36. Bd3 Rg8 37. Rg1 Qd7 38. Bf4 f6 39. Bxe5 dxe5 40. g6 Qa4 41. Bc2 Qd7 42. Rb1 Bc8 43. Rb8 1-0

[Event "EU-chT (Women) 18th"]
[Site "Porto Carras"]
[Date "2011.11.03"]
[Round "1.3"]
[White "Yurenok, Maria S"]
[Black "Djingarova, Emilia"]
[Result "1/2-1/2"]
[WhiteElo "2106"]
[BlackElo "2309"]
[PlyCount "86"]
[EventDate "2011.11.03"]
[EventType "team-swiss"]
[EventRounds "9"]
[EventCountry "GRE"]
[SourceTitle "EXT 2012"]
[Source "ChessBase"]
[SourceDate "2011.11.24"]
[SourceVersion "1"]
[SourceVersionDate "2011.11.24"]
[SourceQuality "1"]
[WhiteTeam "England (W)"]
[BlackTeam "Bulgaria (W)"]
[WhiteTeamCountry "ENG"]
[BlackTeamCountry "BUL"]

1. d4 c5 2. d5 g6 3. c4 Bg7 4. Nc3 d6 5. e4 e6 6. Bd3 Nf6 7. Nge2 0-0 8. 0-0 exd5 9. cxd5 Ng4 10. h3 Ne5 11. Bc2 b5 12. Nxb5 Ba6 13. a4 Qb6 14. Nec3 Nbd7 15. b3 Bxb5 16. axb5 c4 17. Ra6 Qc7 18. b4 Nb6 19. Na4 Rab8 20. Be3 f5 21. exf5 gxf5 22. f4 Ng6 23. Bd4 Qd7 24. Bxg7 Qxg7 25. Nxb6 Rxb6 26. Qa1 Rf7 27. Qxg7+ Kxg7 28. Rxb6 axb6 29. g3 Kf6 30. Rd1 Ra7 31. Rd4 Ra3 32. Kf2 Rc3 33. Bd1 Ne7 34. Be2 Rb3 35. Rxc4 Rb2 36. Rd4 h5 37. h4 Kg6 38. Ke3 Ng8 39. Rc4 Nf6 40. Bf3 Rb3+ 41. Ke2 Rb2+ 42. Ke3 Rb3+ 43. Ke2 Rb2+ 1/2-1/2

[Event "GBR-ch 98th"]
[Site "Sheffield"]
[Date "2011.07.30"]
[Round "6"]
[White "Yurenok, Maria S"]
[Black "Lalic, Susan"]
[Result "1-0"]
[WhiteElo "2090"]
[BlackElo "2277"]
[PlyCount "89"]
[EventDate "2011.07.24"]
[EventType "swiss"]
[EventRounds "11"]
[EventCountry "ENG"]
[SourceTitle "CBM 143 Extra"]
[Source "ChessBase"]
[SourceDate "2011.08.29"]
[SourceVersion "1"]
[SourceVersionDate "2011.08.29"]
[SourceQuality "1"]

1. d4 e6 2. c4 Bb4+ 3. Nd2 Nf6 4. a3 Bxd2+ 5. Qxd2 b6 6. f3 d5 7. cxd5 exd5 8. e3 0-0 9. Bd3 Ba6 10. b4 Bxd3 11. Qxd3 c5 12. bxc5 bxc5 13. dxc5 Nbd7 14. c6 Ne5 15. Qc3 Re8 16. Ne2 Rc8 17. Nd4 Nxc6 18. Nxc6 Qd6 19. Qd3 Rxc6 20. Bb2 Nd7 21. 0-0 Nc5 22. Qd4 Ne6 23. Qd2 h5 24. Rac1 Rb8 25. Be5 Qxe5 26. Rxc6 Rb2 27. Qc3 Qxc3 28. Rxc3 d4 29. exd4 Nxd4 30. Re3 Ne2+ 31. Kh1 Nf4 32. g3 Nh3 33. Re8+ Kh7 34. Re7 Kg6 35. Rxa7 h4 36. gxh4 f5 37. a4 Kf6 38. a5 Ra2 39. a6 g6 40. Ra8 Ke5 41. f4+ Kf6 42. a7 Kg7 43. Rf3 Nf2+ 44. Rxf2 Rxf2 45. Rd8 1-0

[Event "GBR-ch 98th"]
[Site "Sheffield"]
[Date "2011.07.28"]
[Round "4"]
[White "Yurenok, Maria S"]
[Black "Eggleston, David"]
[Result "1/2-1/2"]
[WhiteElo "2090"]
[BlackElo "2318"]
[PlyCount "86"]
[EventDate "2011.07.24"]
[EventType "swiss"]
[EventRounds "11"]
[EventCountry "ENG"]
[SourceTitle "CBM 143 Extra"]
[Source "ChessBase"]
[SourceDate "2011.08.29"]
[SourceVersion "1"]
[SourceVersionDate "2011.08.29"]
[SourceQuality "1"]

1. d4 Nf6 2. c4 e6 3. Nc3 Bb4 4. Qc2 0-0 5. a3 Bxc3+ 6. Qxc3 b6 7. Bg5 Bb7 8. Nf3 d6 9. Nd2 Nbd7 10. e3 Qe7 11. f3 c5 12. dxc5 dxc5 13. Bd3 e5 14. Bf5 h6 15. Bh4 Rad8 16. 0-0 Rfe8 17. Qc2 g5 18. Bg3 Nh5 19. Rad1 Ndf6 20. Ne4 Bxe4 21. Bxe4 Nxe4 22. Qxe4 Qe6 23. Qc2 e4 24. f4 Rxd1 25. Qxd1 Ng7 26. fxg5 hxg5 27. b3 f6 28. Qe2 Re7 29. Rd1 Rd7 30. Be1 Nf5 31. Rxd7 Qxd7 32. Qd2 Qd3 33. Kf2 Kf7 34. Qxd3 exd3 35. e4 Nd4 36. Ke3 Nxb3 37. Kxd3 Nd4 38. h4 gxh4 39. Bxh4 Ke6 40. Bg3 Nc6 41. Bf4 Nd4 42. Bb8 Nc6 43. Bf4 Nd4 1/2-1/2

[Event "London Big Slick IM 2nd"]
[Site "London"]
[Date "2011.07.02"]
[Round "8"]
[White "Longson, Sarah N"]
[Black "Yurenok, Maria S"]
[Result "1/2-1/2"]
[WhiteElo "2108"]
[BlackElo "2100"]
[PlyCount "42"]
[EventDate "2011.06.25"]
[EventType "tourn"]
[EventRounds "9"]
[EventCountry "ENG"]
[SourceTitle "CBM 143 Extra"]
[Source "ChessBase"]
[SourceDate "2011.08.29"]
[SourceVersion "1"]
[SourceVersionDate "2011.08.29"]
[SourceQuality "1"]

1. e4 c5 2. Nf3 e6 3. d4 cxd4 4. Nxd4 Nc6 5. Nc3 a6 6. Be3 Qc7 7. Bd3 Nf6 8. 0-0 Ne5 9. h3 b5 10. a3 Bb7 11. f4 Nc4 12. Bxc4 Qxc4 13. e5 Nd5 14. Nxd5 Qxd5 15. Qe2 Be7 16. Rad1 Qe4 17. Rd2 0-0 18. Nb3 Rac8 19. Rf2 Bh4 20. Rf1 Be7 21. Rf2 Bh4 1/2-1/2

[Event "London Big Slick IM 2nd"]
[Site "London"]
[Date "2011.07.01"]
[Round "7"]
[White "Yurenok, Maria S"]
[Black "Eames, Robert"]
[Result "1/2-1/2"]
[WhiteElo "2100"]
[BlackElo "2259"]
[PlyCount "108"]
[EventDate "2011.06.25"]
[EventType "tourn"]
[EventRounds "9"]
[EventCountry "ENG"]
[SourceTitle "CBM 143 Extra"]
[Source "ChessBase"]
[SourceDate "2011.08.29"]
[SourceVersion "1"]
[SourceVersionDate "2011.08.29"]
[SourceQuality "1"]

1. d4 f5 2. g3 Nf6 3. Bg2 g6 4. c4 Bg7 5. Nc3 0-0 6. Nh3 d6 7. d5 Na6 8. Nf4 Nc5 9. h4 Bd7 10. Qc2 a5 11. Bd2 Ng4 12. Rd1 Qe8 13. b3 c6 14. f3 Ne5 15. Be3 Na6 16. a3 b5 17. dxc6 Bxc6 18. Ne6 bxc4 19. Nxf8 Kxf8 20. 0-0 Qf7 21. bxc4 Nxc4 22. Bc1 Rc8 23. e4 Nc5 24. Nd5 Ne5 25. Nc3 Qc4 26. Rf2 Ncd3 27. Bf1 Bxe4 28. fxe4 Qxc3 29. Bxd3 Nxd3 30. Qxd3 Qxd3 31. Rxd3 Rxc1+ 32. Kg2 Rc5 33. g4 e6 34. Rxd6 Ke7 35. Ra6 Bd4 36. Rd2 Be3 37. Re2 f4 38. g5 h6 39. gxh6 Rh5 40. h7 Rxh4 41. Rxa5 Kf6 42. Rxe3 fxe3 43. Kf3 Rh3+ 44. Ke2 g5 45. a4 Rxh7 46. Kxe3 Rh3+ 47. Kf2 Ra3 48. Ke2 g4 49. Kf2 e5 50. Ra8 Kg5 51. Rf8 g3+ 52. Kg2 Kg4 53. Rf5 Ra2+ 54. Kg1 Rxa4 1/2-1/2

[Event "London Big Slick IM 2nd"]
[Site "London"]
[Date "2011.06.30"]
[Round "6"]
[White "Radovanovic, Jovica"]
[Black "Yurenok, Maria S"]
[Result "1-0"]
[WhiteElo "2323"]
[BlackElo "2100"]
[PlyCount "75"]
[EventDate "2011.06.25"]
[EventType "tourn"]
[EventRounds "9"]
[EventCountry "ENG"]
[SourceTitle "CBM 143 Extra"]
[Source "ChessBase"]
[SourceDate "2011.08.29"]
[SourceVersion "1"]
[SourceVersionDate "2011.08.29"]
[SourceQuality "1"]

1. Nf3 d5 2. d4 Nf6 3. c4 c6 4. Nc3 dxc4 5. a4 Bf5 6. e3 e6 7. Bxc4 Bb4 8. 0-0 0-0 9. Qe2 Nbd7 10. e4 Bg6 11. Bd3 Bh5 12. Bf4 Re8 13. e5 Nd5 14. Nxd5 cxd5 15. h3 Nb8 16. g4 Bg6 17. h4 Bxd3 18. Qxd3 Nc6 19. Kg2 Be7 20. Ng5 Bxg5 21. hxg5 Ne7 22. Bd2 Ng6 23. f4 a5 24. Rae1 Qd7 25. f5 Nf8 26. g6 fxg6 27. f6 gxf6 28. exf6 Kf7 29. Qh3 e5 30. dxe5 Qxa4 31. Kh1 Qc6 32. Rc1 Qb6 33. Bh6 Ne6 34. Be3 Ng5 35. Bxg5 Qxb2 36. Rc7+ Ke6 37. f7 Rf8 38. Re7# 1-0